[Event "Chigorin Memorial 2018"]
[Site "St. Petersburg"]
[Date "2018.10.29"]
[Round "3.116"]
[White "Chagina, Ulyana"]
[Black "Ter-Saakian, Grigorii"]
[Result "0-1"]
[WhiteElo "1727"]
[BlackElo "1982"]
[PlyCount "92"]
[EventDate "2018.10.27"]
[EventType "swiss"]
[EventCountry "RUS"]
[WhiteTeam "Russland"]
[BlackTeam "Russland"]
[WhiteTeamCountry "RUS"]
[BlackTeamCountry "RUS"]

1. d4 Nf6 2. Nf3 g6 3. Nc3 d5 4. Bf4 a6 5. a4 Bg7 6. e3 O-O 7. Bd3 b6 8. Ne5 Bb7 9. h4 Nbd7 10. h5 Re8 11. Qf3 Nf8 12. hxg6 fxg6 13. g4 e6 14. O-O-O N6d7 15. Qg3 c5 16. Nxd7 Qxd7 17. Be5 Bxe5 18. Qxe5 c4 19. Bf1 b5 20. Bg2 b4 21. Ne2 Rac8 22. e4 Qxa4 23. Kd2 c3+ 24. bxc3 bxc3+ 25. Nxc3 Qb4 26. Rh3 Nd7 27. Qh2 Qxd4+ 28. Ke1 Qg7 29. Rdd3 Ne5 30. Rde3 d4 31. Reg3 dxc3 32. Rxc3 Nd7 33. Rc7 Rxc7 34. Qxc7 Ne5 35. Qb6 Nc4 36. Qb3 Nd6 37. Re3 Kh8 38. e5 Bxg2 39. exd6 Qa1+ 40. Ke2 Qf1+ 41. Kd2 Qxf2+ 42. Kc1 Qf1+ 43. Kb2 Qb5 44. Qxb5 axb5 45. d7 Rd8 46. Rxe6 Rxd7 0-1

[Event "Chigorin Memorial 2018"]
[Site "St. Petersburg"]
[Date "2018.10.29"]
[Round "3.117"]
[White "Yarosh, Ruslan"]
[Black "Petrov, Maksim"]
[Result "1-0"]
[WhiteElo "1981"]
[BlackElo "1589"]
[PlyCount "97"]
[EventDate "2018.10.27"]
[EventType "swiss"]
[EventCountry "RUS"]
[WhiteTeam "Russland"]
[BlackTeam "Russland"]
[WhiteTeamCountry "RUS"]
[BlackTeamCountry "RUS"]

1. d4 d5 2. Nf3 Nf6 3. Bg5 Ne4 4. Bf4 e6 5. e3 c5 6. c3 Be7 7. Nbd2 Nf6 8. h3 Nc6 9. Bd3 O-O 10. Ne5 Bd6 11. Bh2 Qc7 12. f4 Ne7 13. O-O b6 14. Qf3 Bb7 15. Rf2 Ne8 16. Qe2 f6 17. Nef3 f5 18. Ne5 Nf6 19. g4 Ne4 20. Rg2 Bxe5 21. fxe5 Ng6 22. gxf5 Rxf5 23. Bg3 Raf8 24. Rf1 Qe7 25. Be1 R8f7 26. Rxf5 Rxf5 27. Rg4 Rg5 28. Qg2 Rh5 29. Nxe4 dxe4 30. Bxe4 Bxe4 31. Rxe4 cxd4 32. cxd4 Qc7 33. Bc3 Nh4 34. Qe2 Rh6 35. Rg4 Qc6 36. e4 Ng6 37. Qe3 Qa4 38. Rg3 Qxa2 39. Kh2 Qa4 40. d5 exd5 41. exd5 Qc2+ 42. Rg2 Qf5 43. d6 Nf4 44. Rg3 Qc2+ 45. Bd2 Ng6 46. d7 Qc7 47. Qb3+ Kh8 48. Qd5 Qd8 49. Bxh6 1-0

[Event "Chigorin Memorial 2018"]
[Site "St. Petersburg"]
[Date "2018.10.29"]
[Round "3.118"]
[White "Kundianok, Vladislav"]
[Black "Airapetyan, Anzhelika"]
[Result "1-0"]
[WhiteElo "1918"]
[BlackElo "1397"]
[PlyCount "83"]
[EventDate "2018.10.27"]
[EventType "swiss"]
[EventCountry "RUS"]
[WhiteTeam "Russland"]
[BlackTeam "Russland"]
[WhiteTeamCountry "RUS"]
[BlackTeamCountry "RUS"]

1. e4 e6 2. d4 d5 3. Nc3 Bb4 4. e5 b6 5. f4 Ba6 6. Bxa6 Nxa6 7. Qd3 Bxc3+ 8. bxc3 Nb8 9. f5 c5 10. fxe6 fxe6 11. Nf3 c4 12. Qe2 h6 13. O-O Ne7 14. Nh4 g5 15. Qh5+ Kd7 16. Nf3 Qe8 17. Qxe8+ Rxe8 18. h3 Nf5 19. Nh2 Nc6 20. Ng4 Kc7 21. Nf6 Red8 22. Bb2 b5 23. g4 Ng7 24. Ba3 a5 25. Bd6+ Kb6 26. Rab1 Na7 27. Nh7 Ne8 28. Bc5+ Kc6 29. Rf7 Rd7 30. Rxd7 Kxd7 31. Nf8+ Kc6 32. Nxe6 Rb8 33. Bxa7 Rc8 34. Bc5 Nc7 35. Nxc7 Rxc7 36. e6 Rc8 37. Rf1 Re8 38. e7 Kd7 39. Rf8 a4 40. a3 Rxf8 41. exf8=Q Kc6 42. Qc8# 1-0

[Event "Chigorin Memorial 2018"]
[Site "St. Petersburg"]
[Date "2018.10.29"]
[Round "3.119"]
[White "Sorokin, Artem"]
[Black "Shoshin, Kirill"]
[Result "1-0"]
[WhiteElo "1701"]
[BlackElo "2073"]
[PlyCount "95"]
[EventDate "2018.10.27"]
[EventType "swiss"]
[EventCountry "RUS"]
[WhiteTeam "Russland"]
[BlackTeam "Russland"]
[WhiteTeamCountry "RUS"]
[BlackTeamCountry "RUS"]

1. e4 e6 2. d4 d5 3. Nc3 Nf6 4. e5 Nfd7 5. f4 c5 6. Nf3 Nc6 7. Ne2 b6 8. c3 Ba6 9. Qa4 Bxe2 10. Bxe2 Qc7 11. Be3 Be7 12. O-O a6 13. Kh1 Na5 14. Qc2 cxd4 15. Bxd4 b5 16. Bd3 g6 17. h4 Rc8 18. Rac1 Nc6 19. h5 Bc5 20. a4 Qb6 21. axb5 axb5 22. Qf2 Na5 23. Qh4 Nb3 24. hxg6 Nxc1 25. gxf7+ Kf8 26. Qh6+ Ke7 27. Qh4+ Kxf7 28. Qh5+ Ke7 29. Qh4+ Ke8 30. Bg6+ hxg6 31. Qxh8+ Nf8 32. Rxc1 Bxd4 33. Nxd4 Qxd4 34. cxd4 Rxc1+ 35. Kh2 Rc4 36. Kg3 Rxd4 37. Kg4 Rc4 38. Qg7 Rc2 39. Kg5 Rf2 40. g3 Rh2 41. Qb7 Rxb2 42. Qc8+ Ke7 43. Qc7+ Nd7 44. Qd6+ Kd8 45. Qxe6 Rg2 46. Qxd5 Rxg3+ 47. Kh4 Rg1 48. e6 1-0

[Event "Chigorin Memorial 2018"]
[Site "St. Petersburg"]
[Date "2018.10.29"]
[Round "3.120"]
[White "Chashchev, Sergey"]
[Black "Shemyakinskiy, Nikita"]
[Result "1-0"]
[WhiteElo "2313"]
[BlackElo "1655"]
[PlyCount "95"]
[EventDate "2018.10.27"]
[EventType "swiss"]
[EventCountry "RUS"]
[WhiteTeam "Russland"]
[BlackTeam "Russland"]
[WhiteTeamCountry "RUS"]
[BlackTeamCountry "RUS"]

1. Nf3 c5 2. g3 Nc6 3. Bg2 d6 4. d4 cxd4 5. Nxd4 Bd7 6. O-O Nf6 7. c4 e5 8. Nb5 Be6 9. b3 a6 10. N5c3 Be7 11. Nd5 Bxd5 12. Bxd5 Nxd5 13. Qxd5 Qd7 14. Nc3 Rd8 15. Be3 Nb4 16. Qd2 d5 17. cxd5 Nxd5 18. Rfd1 Nxe3 19. Qxe3 Qe6 20. Qe4 O-O 21. Qxb7 f5 22. Rxd8 Rxd8 23. Rd1 Rxd1+ 24. Nxd1 Bf6 25. Ne3 g6 26. Nd5 Bd8 27. b4 f4 28. a4 fxg3 29. hxg3 h5 30. b5 axb5 31. axb5 h4 32. Qc6 Qf7 33. b6 hxg3 34. fxg3 Bxb6+ 35. Nxb6 Qf5 36. Qc8+ Kg7 37. Qxf5 gxf5 38. Nd7 e4 39. Kf2 Kf7 40. Ke3 Ke6 41. Kf4 Kxd7 42. Kxf5 e3 43. Ke4 Ke6 44. Kxe3 Ke5 45. Kf3 Kf5 46. e4+ Kg5 47. Ke3 Kg4 48. Kd4 1-0

[Event "Chigorin Memorial 2018"]
[Site "St. Petersburg"]
[Date "2018.10.29"]
[Round "3.121"]
[White "Postanogov, Dmitrii"]
[Black "Zakharov, Yuri"]
[Result "1-0"]
[WhiteElo "2101"]
[BlackElo "1650"]
[PlyCount "63"]
[EventDate "2018.10.27"]
[EventType "swiss"]
[EventCountry "RUS"]
[WhiteTeam "Russland"]
[BlackTeam "Russland"]
[WhiteTeamCountry "RUS"]
[BlackTeamCountry "RUS"]

1. e4 c5 2. Nf3 e6 3. c3 d6 4. d4 Nf6 5. Bd3 Be7 6. O-O Nc6 7. Re1 e5 8. d5 Nb8 9. h3 O-O 10. Nbd2 g6 11. b4 cxb4 12. cxb4 Nh5 13. Nc4 Nd7 14. Rb1 Nb6 15. Nxb6 axb6 16. a4 Nf4 17. Bxf4 exf4 18. Bc2 Bf6 19. Qd2 Bd7 20. b5 Rc8 21. Rec1 Be5 22. Bd3 Qe7 23. a5 bxa5 24. Qxa5 Qd8 25. Qxd8 Rfxd8 26. Nxe5 dxe5 27. b6 Rxc1+ 28. Rxc1 Rc8 29. Rxc8+ Bxc8 30. Bb5 Kf8 31. d6 Be6 32. Bc6 1-0

[Event "Chigorin Memorial 2018"]
[Site "St. Petersburg"]
[Date "2018.10.29"]
[Round "3.122"]
[White "Frolov, Aleksey G."]
[Black "Soloviev, Mikhail"]
[Result "1-0"]
[WhiteElo "2086"]
[BlackElo "1636"]
[PlyCount "107"]
[EventDate "2018.10.27"]
[EventType "swiss"]
[EventCountry "RUS"]
[WhiteTeam "Russland"]
[BlackTeam "Russland"]
[WhiteTeamCountry "RUS"]
[BlackTeamCountry "RUS"]

1. e4 c5 2. Nf3 d6 3. d4 cxd4 4. Nxd4 Nf6 5. Nc3 g6 6. Be3 Bg7 7. f3 O-O 8. Qd2 Nc6 9. O-O-O h5 10. Kb1 Nxd4 11. Bxd4 Be6 12. Be2 Qa5 13. Nd5 Qxd2 14. Nxe7+ Kh7 15. Rxd2 Rfe8 16. Bxf6 Bxf6 17. Nd5 Bxd5 18. Rxd5 Red8 19. Rhd1 Be7 20. c3 Kg7 21. f4 Rac8 22. Kc2 a6 23. a4 Kf8 24. Kb3 Rc5 25. R5d2 Ke8 26. g4 h4 27. Bc4 f6 28. Bd5 Kd7 29. Kc2 b6 30. Rf1 a5 31. Rd3 Rcc8 32. b3 Rf8 33. Kb2 Rcd8 34. b4 axb4 35. cxb4 f5 36. exf5 gxf5 37. g5 Rc8 38. Re3 Rc7 39. Rfe1 Kd8 40. Kb3 Rh8 41. g6 Bf6 42. b5 Rg7 43. Re6 Rxg6 44. Rxd6+ Kc7 45. Rc6+ Kd8 46. Bf7 Rgh6 47. Rxb6 Bg5 48. Rb8+ Kc7 49. fxg5 Kxb8 50. gxh6 Rxh6 51. a5 Rf6 52. Bd5 f4 53. b6 Rf8 54. a6 1-0

[Event "Chigorin Memorial 2018"]
[Site "St. Petersburg"]
[Date "2018.10.29"]
[Round "3.123"]
[White "Kudin, Alexander"]
[Black "Rudovskii, Filipp"]
[Result "1-0"]
[WhiteElo "1654"]
[BlackElo "2054"]
[PlyCount "92"]
[EventDate "2018.10.27"]
[EventType "swiss"]
[EventCountry "RUS"]
[WhiteTeam "Russland"]
[BlackTeam "Russland"]
[WhiteTeamCountry "RUS"]
[BlackTeamCountry "RUS"]

1. e4 c5 2. Nf3 Nc6 3. d4 cxd4 4. Nxd4 Nf6 5. Nc3 e5 6. Ndb5 d6 7. Bg5 a6 8. Na3 b5 9. Nd5 Be7 10. Bxf6 Bxf6 11. c3 O-O 12. Be2 Bg5 13. Bg4 Be6 14. O-O g6 15. Bxe6 fxe6 16. Nc2 Rf7 17. Nde3 Qe7 18. Qe2 Raf8 19. Rad1 Nd8 20. a4 Qb7 21. axb5 Qxe4 22. Qc4 Qb7 23. bxa6 Qd7 24. Ra1 Qa7 25. Qd3 d5 26. b4 Nc6 27. b5 Nb8 28. c4 Nd7 29. cxd5 Nc5 30. Qe2 Ne4 31. dxe6 Rxf2 32. Rxf2 Rxf2 33. Qxf2 Nxf2 34. Kxf2 Kf8 35. b6 Qxb6 36. a7 Bxe3+ 37. Nxe3 Qb2+ 38. Nc2 Qb6+ 39. Kf1 Qb5+ 40. Kg1 Qc5+ 41. Kh1 Qxc2 42. a8=Q+ Ke7 43. Ra7+ Kxe6 44. Qe8+ Kf5 45. Qf7+ Ke4 46. Qf3+ Kd4 1-0

[Event "Chigorin Memorial 2018"]
[Site "St. Petersburg"]
[Date "2018.10.29"]
[Round "3.124"]
[White "Tsarkov, Mikhail"]
[Black "Gkogkas, Dimitrios"]
[Result "0-1"]
[WhiteElo "1650"]
[BlackElo "2047"]
[PlyCount "82"]
[EventDate "2018.10.27"]
[EventType "swiss"]
[EventCountry "RUS"]
[WhiteTeam "Russland"]
[BlackTeam "Griechenland"]
[WhiteTeamCountry "RUS"]
[BlackTeamCountry "GRE"]

1. d4 d6 2. Nf3 g6 3. Bf4 Bg7 4. e3 Nd7 5. h3 e5 6. Bh2 Nh6 7. c4 exd4 8. exd4 O-O 9. Be2 Nf5 10. Nc3 Nh4 11. O-O Re8 12. Qd2 Nb8 13. Nxh4 Qxh4 14. Nb5 Qd8 15. Bf3 a6 16. Nc3 Nc6 17. Bxc6 bxc6 18. b4 Qf6 19. Rad1 Bf5 20. b5 axb5 21. cxb5 Bd7 22. Qc2 Ra7 23. f3 cxb5 24. Nd5 Qd8 25. Nb4 Ra4 26. Qb3 Qh4 27. f4 Re4 28. Bg3 Qd8 29. Bf2 Rxf4 30. Nd5 Rf5 31. g4 Rxf2 32. Rxf2 Rxd4 33. Rdf1 Be6 34. Qxb5 Rxd5 35. Qc6 Bd4 36. Kh2 Rc5 37. Qa6 Bxf2 38. Rxf2 Qg5 39. Qa8+ Kg7 40. Qa3 Qe5+ 41. Kg1 Rc3 0-1

[Event "Chigorin Memorial 2018"]
[Site "St. Petersburg"]
[Date "2018.10.29"]
[Round "3.125"]
[White "Pogorelskikh, Sofia"]
[Black "Cherneyko, Ivan"]
[Result "0-1"]
[WhiteElo "2041"]
[BlackElo "1628"]
[PlyCount "118"]
[EventDate "2018.10.27"]
[EventType "swiss"]
[EventCountry "RUS"]
[WhiteTeam "Russland"]
[BlackTeam "Russland"]
[WhiteTeamCountry "RUS"]
[BlackTeamCountry "RUS"]

1. e4 c5 2. Nf3 d6 3. d4 cxd4 4. Nxd4 Nf6 5. Nc3 a6 6. Bg5 e6 7. f4 Be7 8. Qf3 Qc7 9. O-O-O Nbd7 10. Bd3 h6 11. Bh4 Nc5 12. Qg3 Nxd3+ 13. Qxd3 O-O 14. Nf3 d5 15. exd5 Qxf4+ 16. Kb1 exd5 17. Bxf6 Bxf6 18. Nxd5 Qd6 19. Qb3 Qc6 20. Nd4 Qd6 21. Rhf1 Bxd4 22. Rxd4 Qe5 23. Qd3 Be6 24. Ne7+ Kh8 25. Re4 Qg5 26. Qa3 Rfe8 27. g4 Qxe7 28. Qxe7 Rxe7 29. Ref4 Rae8 30. b3 f6 31. h4 Bd5 32. Kb2 Re4 33. Rf5 Be6 34. Rc5 Rc8 35. Rxc8+ Bxc8 36. g5 hxg5 37. hxg5 Re6 38. g6 Re8 39. c4 f5 40. Kc3 Kg8 41. c5 Re6 42. Rd1 Re8 43. a4 f4 44. Rf1 Rf8 45. b4 f3 46. Rf2 Bg4 47. b5 Re8 48. Rf1 Re6 49. Kd4 Rxg6 50. c6 axb5 51. axb5 Bc8 52. Rxf3 bxc6 53. b6 Rg5 54. Ra3 Bb7 55. Ra7 Rd5+ 56. Kc4 Rd7 57. Kc5 Kh7 58. Rxb7 Rxb7 59. Kxc6 Rf7 0-1

[Event "Chigorin Memorial 2018"]
[Site "St. Petersburg"]
[Date "2018.10.29"]
[Round "3.126"]
[White "Lekhtonen, Yaroslav"]
[Black "Osipov, Aleksandr"]
[Result "0-1"]
[WhiteElo "1639"]
[BlackElo "2021"]
[PlyCount "100"]
[EventDate "2018.10.27"]
[EventType "swiss"]
[EventCountry "RUS"]
[WhiteTeam "Russland"]
[BlackTeam "Russland"]
[WhiteTeamCountry "RUS"]
[BlackTeamCountry "RUS"]

1. d4 d5 2. c4 e6 3. Nc3 a6 4. cxd5 exd5 5. Nf3 Nf6 6. Bg5 c6 7. e3 Nbd7 8. Bd3 h6 9. Bh4 g5 10. Bg3 Nh5 11. Qc2 Nxg3 12. hxg3 Bg7 13. Ne2 Qe7 14. Rc1 Nf8 15. Nc3 Bg4 16. Nd2 Nd7 17. Na4 Bxd4 18. O-O Bg7 19. e4 d4 20. Nc4 O-O 21. Ncb6 Nxb6 22. Nxb6 Rad8 23. a3 Qc7 24. Qc5 Rfe8 25. Nc4 Be6 26. Qb6 Qxb6 27. Nxb6 Bf8 28. f4 Bg4 29. f5 Bd6 30. Kf2 Bc7 31. Nc4 c5 32. Nd2 Bd6 33. a4 Rb8 34. Nc4 Bf8 35. Nb6 Red8 36. a5 Kg7 37. Nd5 Bxf5 38. Ke2 Bg4+ 39. Kd2 Rbc8 40. Nb6 Rc6 41. e5 Re8 42. Nc4 Be6 43. Be4 Rc7 44. Nd6 Rb8 45. b4 c4 46. Bf5 Bd5 47. Rf2 Rd8 48. b5 Bxd6 49. exd6 Rxd6 50. b6 Rc5 0-1

[Event "Chigorin Memorial 2018"]
[Site "St. Petersburg"]
[Date "2018.10.29"]
[Round "3.127"]
[White "Kirchei, Viktoriia"]
[Black "Isfandiyarli, Kamal"]
[Result "0-1"]
[WhiteElo "2002"]
[BlackElo "1597"]
[PlyCount "64"]
[EventDate "2018.10.27"]
[EventType "swiss"]
[EventCountry "RUS"]
[WhiteTeam "Russland"]
[BlackTeam "Aserbeidschan"]
[WhiteTeamCountry "RUS"]
[BlackTeamCountry "AZE"]

1. e4 c5 2. Nf3 e6 3. d4 cxd4 4. Nxd4 a6 5. Nc3 Qc7 6. Be2 Bb4 7. Bd2 Nf6 8. Nf3 Nc6 9. O-O O-O 10. Bd3 b5 11. Qe2 Ng4 12. g3 Bxc3 13. Bxc3 Nge5 14. Nxe5 Nxe5 15. f4 Nxd3 16. cxd3 Qb6+ 17. Rf2 Bb7 18. Bb4 Rfc8 19. Raf1 f5 20. b3 Rc7 21. h3 Rac8 22. Kh2 Rc2 23. Qxc2 Rxc2 24. Rxc2 fxe4 25. dxe4 Bxe4 26. Rc8+ Kf7 27. f5 exf5 28. Rcc1 Qd4 29. Bc5 Qb2+ 30. Bf2 Bd3 31. a4 Bxf1 32. Rxf1 d5 0-1

[Event "Chigorin Memorial 2018"]
[Site "St. Petersburg"]
[Date "2018.10.29"]
[Round "3.128"]
[White "Yun, Vyacheslav"]
[Black "Laukhina, Margarita A."]
[Result "0-1"]
[WhiteElo "1931"]
[BlackElo "1555"]
[PlyCount "94"]
[EventDate "2018.10.27"]
[EventType "swiss"]
[EventCountry "RUS"]
[WhiteTeam "Russland"]
[BlackTeam "Russland"]
[WhiteTeamCountry "RUS"]
[BlackTeamCountry "RUS"]

1. e4 c5 2. d4 cxd4 3. c3 dxc3 4. Nxc3 e6 5. Nf3 Bb4 6. Qd4 Bf8 7. Bf4 Nc6 8. Qd2 Bb4 9. a3 Qa5 10. Rc1 Bxc3 11. Rxc3 Nf6 12. b4 Qd8 13. Bd3 d5 14. e5 Nd7 15. O-O O-O 16. Qc2 h6 17. Bh7+ Kh8 18. Ng5 Ndxe5 19. Bg8 g6 20. Nxf7+ Nxf7 21. Bxf7 Rxf7 22. Rxc6 Rxf4 23. Qxg6 Rf6 24. Rd6 Qe7 25. Qg3 Bd7 26. Qe5 Bc6 27. Re1 Re8 28. Re3 Kh7 29. h3 Qf7 30. Qg3 Rg8 31. Qh4 Rf4 32. g4 Rg6 33. Re5 Qf6 34. Qxf6 Rgxf6 35. Rexe6 Rxe6 36. Rxe6 Rf3 37. Re7+ Kg6 38. b5 Bxb5 39. Rxb7 a6 40. Rb6+ Kg5 41. a4 Bc4 42. Kg2 Rb3 43. Rd6 h5 44. f3 Rb2+ 45. Kg1 hxg4 46. hxg4 Kf4 47. Rf6+ Kg3 0-1

[Event "Chigorin Memorial 2018"]
[Site "St. Petersburg"]
[Date "2018.10.29"]
[Round "3.129"]
[White "Myslevsky, Fedor"]
[Black "Shadunts, Kirill"]
[Result "1/2-1/2"]
[WhiteElo "1617"]
[BlackElo "1907"]
[PlyCount "118"]
[EventDate "2018.10.27"]
[EventType "swiss"]
[EventCountry "RUS"]
[WhiteTeam "Russland"]
[BlackTeam "Russland"]
[WhiteTeamCountry "RUS"]
[BlackTeamCountry "RUS"]

1. e4 e6 2. d4 d5 3. exd5 exd5 4. Bd3 Bd6 5. Nf3 Ne7 6. O-O O-O 7. Bg5 f6 8. Bh4 c6 9. Bg3 Bf5 10. Bxf5 Nxf5 11. Qd3 Nxg3 12. hxg3 Nd7 13. c4 dxc4 14. Qxc4+ Kh8 15. Nc3 Nb6 16. Qd3 Qd7 17. Rad1 Rad8 18. Qc2 Qf7 19. Nd2 Nd5 20. Qb3 Nb6 21. Qxf7 Rxf7 22. Nde4 Bf8 23. Nc5 Nd5 24. Ne6 Rd6 25. Rfe1 b6 26. Nxd5 Rxd5 27. Nf4 Rd8 28. Ne6 Rd5 29. Rc1 Rd6 30. Nxf8 Rxf8 31. Re7 a5 32. Rc7 Rxd4 33. R7xc6 Rb4 34. b3 h6 35. R1c3 Rd8 36. Rc2 Rd1+ 37. Kh2 Rb5 38. g4 h5 39. gxh5 Rxh5+ 40. Kg3 Rg5+ 41. Kf3 Rb5 42. Ke2 Rdd5 43. Re6 Re5+ 44. Rxe5 Rxe5+ 45. Kd3 Rf5 46. f3 Rg5 47. g4 f5 48. gxf5 Rxf5 49. Ke4 Rh5 50. Rc6 b5 51. Ra6 b4 52. Kd4 Rf5 53. Ke4 Rh5 54. f4 Rc5 55. Kd4 Rf5 56. Ke4 Rc5 57. Kd4 Rf5 58. Ke4 Rc5 59. Kd4 Rf5 1/2-1/2

[Event "Chigorin Memorial 2018"]
[Site "St. Petersburg"]
[Date "2018.10.29"]
[Round "3.130"]
[White "Grishaev, Igor"]
[Black "Pradeep, Pandya"]
[Result "0-1"]
[WhiteElo "1893"]
[BlackElo "1537"]
[PlyCount "62"]
[EventDate "2018.10.27"]
[EventType "swiss"]
[EventCountry "RUS"]
[WhiteTeam "Russland"]
[BlackTeam "Indien"]
[WhiteTeamCountry "RUS"]
[BlackTeamCountry "IND"]

1. e4 e5 2. f4 Nf6 3. Nc3 Bb4 4. fxe5 Bxc3 5. dxc3 Nxe4 6. Nf3 d5 7. Bd3 O-O 8. O-O Nc6 9. c4 Be6 10. cxd5 Qxd5 11. Qe2 Nc5 12. Rd1 Nxd3 13. Rxd3 Qb5 14. a4 Qb6+ 15. Be3 Qxb2 16. Rf1 Bc4 17. Ng5 Bxd3 18. Qxd3 g6 19. Nxf7 Rxf7 20. Rxf7 Kxf7 21. Qd5+ Kg7 22. e6 Rd8 23. Qxd8 Nxd8 24. e7 Qe5 25. exd8=Q Qxe3+ 26. Kf1 Qc1+ 27. Kf2 Qxc2+ 28. Kf1 Qf5+ 29. Kg1 Qc5+ 30. Kf1 Qd6 31. Qe8 Qf8+ 0-1

[Event "Chigorin Memorial 2018"]
[Site "St. Petersburg"]
[Date "2018.10.29"]
[Round "3.132"]
[White "Ponomarev, Denis"]
[Black "Lapin, Artem"]
[Result "1-0"]
[WhiteElo "1879"]
[BlackElo "1496"]
[PlyCount "199"]
[EventDate "2018.10.27"]
[EventType "swiss"]
[EventCountry "RUS"]
[WhiteTeam "Russland"]
[BlackTeam "Russland"]
[WhiteTeamCountry "RUS"]
[BlackTeamCountry "RUS"]

1. e4 e6 2. d4 d5 3. Nd2 c5 4. exd5 Qxd5 5. Ngf3 cxd4 6. Bc4 Qd8 7. O-O Nf6 8. Nb3 Bd6 9. Nbxd4 a6 10. Re1 O-O 11. a4 Qc7 12. Bd3 Nc6 13. Nxc6 bxc6 14. Bg5 Bb7 15. Qe2 c5 16. h3 Rac8 17. Bxa6 Bxa6 18. Qxa6 c4 19. Bxf6 gxf6 20. Qb5 f5 21. b3 Rb8 22. Qxc4 Qxc4 23. bxc4 Rfc8 24. Ne5 Rb7 25. a5 Rc5 26. Nd3 Rxc4 27. Ra2 Rc6 28. a6 Ra7 29. Rea1 Be7 30. Ne5 Rc5 31. f4 f6 32. Nd3 Rc6 33. Kf1 Bd6 34. Ke2 e5 35. fxe5 fxe5 36. Rf1 e4 37. Ne1 f4 38. Ra4 Raxa6 39. Rxe4 Ra3 40. Rf3 Rxf3 41. Kxf3 Rc3+ 42. Ke2 Kf7 43. Rd4 Ke6 44. Rd3 Rc4 45. Kd1 Ra4 46. Nf3 Ra1+ 47. Ke2 Ra2 48. Rc3 Kd5 49. Kd3 Ra1 50. Rb3 Rd1+ 51. Ke2 Rc1 52. Kd2 Ra1 53. Rb7 Kc4 54. Rxh7 Rf1 55. Ke2 Rc1 56. Kd2 Rf1 57. Rg7 Rf2+ 58. Kd1 Rf1+ 59. Ke2 Rc1 60. Nd2+ Kd5 61. Kd3 Re1 62. c4+ Ke6 63. Rg6+ Kd7 64. Nf3 Re3+ 65. Kd4 Ba3 66. h4 Ke7 67. Kd5 Bb2 68. h5 Rd3+ 69. Ke4 Rc3 70. Kxf4 Rxc4+ 71. Kg3 Ba3 72. Rg4 Rc5 73. Re4+ Kf6 74. Kg4 Bc1 75. Ra4 Rc6 76. Kh4 Be3 77. Re4 Rc3 78. Kg4 Bc1 79. Ra4 Rc6 80. Ne1 Rd6 81. g3 Be3 82. Ng2 Bh6 83. Nf4 Rc6 84. Ra5 Rc4 85. Ra6+ Kg7 86. Ra7+ Kf6 87. Rh7 Bxf4 88. gxf4 Rc1 89. Rh6+ Kf7 90. Ra6 Rc7 91. Kg5 Rc1 92. Ra7+ Kg8 93. f5 Rc5 94. Kg6 Rc8 95. f6 Rf8 96. Re7 Ra8 97. f7+ Kf8 98. Re8+ Rxe8 99. fxe8=Q+ Kxe8 100. Kg7 1-0

[Event "Chigorin Memorial 2018"]
[Site "St. Petersburg"]
[Date "2018.10.29"]
[Round "3.133"]
[White "Shceglov, Mikhail"]
[Black "Titievskaya, Elizaveta"]
[Result "0-1"]
[WhiteElo "1612"]
[BlackElo "1878"]
[PlyCount "82"]
[EventDate "2018.10.27"]
[EventType "swiss"]
[EventCountry "RUS"]
[WhiteTeam "Russland"]
[BlackTeam "Russland"]
[WhiteTeamCountry "RUS"]
[BlackTeamCountry "RUS"]

1. e4 c5 2. Nf3 d6 3. d4 cxd4 4. Nxd4 Nf6 5. Nc3 a6 6. Bc4 e6 7. Bb3 Be7 8. g4 O-O 9. g5 Nfd7 10. Bxe6 fxe6 11. Nxe6 Qa5 12. Nxf8 Bxf8 13. O-O Ne5 14. Nd5 Bh3 15. b4 Qd8 16. f4 Bxf1 17. Kxf1 Nec6 18. Be3 Nd7 19. c4 Ne7 20. Rb1 b6 21. Kf2 Rc8 22. Rc1 Kh8 23. Kf3 Ng6 24. a4 Be7 25. Qd4 Qf8 26. Kg3 Bd8 27. h4 Ne7 28. Rd1 Nc6 29. Qd2 Qe8 30. Kf3 Qh5+ 31. Kg3 Nde5 32. fxe5 Nxe5 33. Bf4 Qg4+ 34. Kf2 Qf3+ 35. Kg1 Nxc4 36. Qd3 Qg4+ 37. Kf1 Nb2 38. Qxa6 Qxd1+ 39. Kg2 Rc2+ 40. Kg3 Qg1+ 41. Kh3 Rg2 0-1

[Event "Chigorin Memorial 2018"]
[Site "St. Petersburg"]
[Date "2018.10.29"]
[Round "3.134"]
[White "Bunin, Serafim"]
[Black "Mutina, Sofia"]
[Result "0-1"]
[WhiteElo "1876"]
[BlackElo "1441"]
[PlyCount "126"]
[EventDate "2018.10.27"]
[EventType "swiss"]
[EventCountry "RUS"]
[WhiteTeam "Russland"]
[BlackTeam "Russland"]
[WhiteTeamCountry "RUS"]
[BlackTeamCountry "RUS"]

1. e4 e6 2. d3 d5 3. Nd2 b6 4. Ngf3 Bb7 5. g3 Nf6 6. e5 Nfd7 7. Bg2 c5 8. O-O Nc6 9. Re1 Qc7 10. Qe2 Be7 11. Nf1 O-O-O 12. Bf4 Rdg8 13. h4 h6 14. g4 g5 15. hxg5 Bxg5 16. Nxg5 hxg5 17. Bg3 Rg6 18. c3 Qd8 19. Nd2 Qg8 20. f3 Rgh6 21. Rac1 Qh7 22. d4 Kd8 23. Qe3 Rg6 24. Kf2 Qg7 25. Rh1 Rgh6 26. Rxh6 Rxh6 27. Nb3 c4 28. Nd2 Ke8 29. b3 b5 30. a4 a6 31. axb5 axb5 32. bxc4 bxc4 33. Rb1 Bc8 34. Ra1 Nd8 35. f4 gxf4 36. Bxf4 Rh8 37. Bg5 Rg8 38. Nf3 Qg6 39. Ra8 Nb6 40. Ra7 Qc2+ 41. Kg3 Nc6 42. Rc7 Bd7 43. Rb7 Qb3 44. Qf4 Qb5 45. Qf6 Qa5 46. Rc7 Nc8 47. Rxd7 Kxd7 48. Qxf7+ N8e7 49. Bf6 Qxc3 50. g5 Re8 51. Bh3 Nd8 52. Qh7 Qb2 53. Bf1 Ndc6 54. Qf7 c3 55. Bd3 c2 56. Bf5 exf5 57. e6+ Kd8 58. g6 c1=Q 59. g7 f4+ 60. Kh4 Qh1+ 61. Kg4 Qbg2+ 62. Kxf4 Qxf3+ 63. Kg5 Qf5# 0-1

[Event "Chigorin Memorial 2018"]
[Site "St. Petersburg"]
[Date "2018.10.29"]
[Round "3.135"]
[White "Gutsulyak, Nikolay"]
[Black "Naryshkina, Irina"]
[Result "1-0"]
[WhiteElo "1861"]
[BlackElo "1425"]
[PlyCount "59"]
[EventDate "2018.10.27"]
[EventType "swiss"]
[EventCountry "RUS"]
[WhiteTeam "Russland"]
[BlackTeam "Russland"]
[WhiteTeamCountry "RUS"]
[BlackTeamCountry "RUS"]

1. e4 d5 2. exd5 Qxd5 3. Nc3 Qa5 4. d4 Nf6 5. Nf3 Bg4 6. h3 Bh5 7. g4 Bg6 8. Ne5 Nbd7 9. Nc4 Qa6 10. Bf4 Qe6+ 11. Ne3 Nb6 12. Bxc7 a6 13. d5 Nbxd5 14. Ncxd5 Qc6 15. Bg3 Rc8 16. Bg2 Ne4 17. Nc3 e6 18. O-O Bc5 19. Qd3 Rd8 20. Bxe4 Bxe4 21. Qxe4 Qc8 22. Rad1 O-O 23. Rxd8 Rxd8 24. Rd1 Re8 25. Qd3 g6 26. Ne4 Be7 27. Nd6 Bxd6 28. Qxd6 f5 29. Qd7 Qa8 30. Be5 1-0

[Event "Chigorin Memorial 2018"]
[Site "St. Petersburg"]
[Date "2018.10.29"]
[Round "3.136"]
[White "Kombar, Mariya"]
[Black "Kobak, Polina"]
[Result "1-0"]
[WhiteElo "1851"]
[BlackElo "1373"]
[PlyCount "81"]
[EventDate "2018.10.27"]
[EventType "swiss"]
[EventCountry "RUS"]
[WhiteTeam "Russland"]
[BlackTeam "Russland"]
[WhiteTeamCountry "RUS"]
[BlackTeamCountry "RUS"]

1. e4 c5 2. Nf3 Nc6 3. d4 cxd4 4. Nxd4 g6 5. Nc3 Bg7 6. Be3 Nf6 7. f3 O-O 8. Qd2 d5 9. Nxc6 bxc6 10. O-O-O Be6 11. Qf2 Qc7 12. exd5 Nxd5 13. Nxd5 Bxd5 14. c4 Be6 15. Bd3 Rab8 16. Rd2 Rb7 17. Kb1 Qe5 18. Re1 Qa5 19. Red1 Rfb8 20. Bd4 Bxd4 21. Qxd4 c5 22. Qe5 Rb4 23. h4 Qb6 24. Qc3 Qa6 25. h5 Ra4 26. Bc2 f6 27. Bxa4 Qxa4 28. Rd8+ Rxd8 29. Rxd8+ Kf7 30. b3 Bf5+ 31. Kb2 Qc6 32. g4 Be6 33. h6 Qc7 34. Qd2 Qe5+ 35. Ka3 f5 36. gxf5 Qxf5 37. Qb2 Bd7 38. Qg7+ Ke6 39. Qg8+ Ke5 40. Qd5+ Kf4 41. Rxd7 1-0